000 00348cam a22001337a 4500
008 180718b1963 xxu||||| |||| 00| 0 eng d
082 _aL1x54 B148
245 _aDefence oriented budget, 1963-1964
_cby Bahri Brothers
260 _aDelhi
_bBahri
_c1963
300 _a59p.
500 _aRs.3.75
650 _aIndia - Budget
700 _aBahri Brothers
999 _c358666
_d358666